00917 a2200265 4500020001500000020001800015082000800033090001300041100002300054245005100077250002000128260004000148300002100188500001200209500001500221650003800236650001400274650001700288650002500305856008200330856008700412942002100499999001900520952011200539 a0471383589 a978047138358104a515 c348d3481 aSalas, Satunino L.10aCalculus :bone variable /cSatunino L. Salas. a9th Edition ed. a[S.l.] :bJohn Wiley & Sons,c2003. a816 p. ;c11 cm. aImport. aHardcover. 4aCalculus & mathematical analysis. 4aCalculus. 4aMathematics. 4aScience/Mathematics.403Amazon.comuhttp://www.amazon.com/exec/obidos/ASIN/0471383589/chopaconline-20403Amazon customer reviewsuhttp://www.chopac.org/cgi-bin/tools/azrev.pl?q=0471383589 aNBScBKk515 SAL c342915d342915 00104070aCLbCLd2013-08-28l6m4o515 SALpNBSD-780q2023-10-25r2023-09-25s2023-09-25w2013-08-28yBK